000
00285nam a2200121Ia 4500
008
190216s9999||||xx |||||||||||||| ||und||
100
_a
Ali Musliyar
245
0
_a
Soorathul-Kahf
260
_b
K Mohammad Kutty & Sons
_c
1996
300
_a
66p
650
_a
Islamic History
942
_c
BK
999
_c
22052
_d
22052